QUEST Central Library Banner

Fluid Mechanics and Machinery: In S.I. Units (Record no. 10412)

MARC details
000 -LEADER
fixed length control field 00295nam a2200121 4500
082 ## - DEWEY DECIMAL CLASSIFICATION NUMBER
Classification number 627RAG
100 ## - MAIN ENTRY--AUTHOR NAME
Personal name Raghunath, H. M.
245 ## - TITLE STATEMENT
Title Fluid Mechanics and Machinery: In S.I. Units
260 ## - PUBLICATION, DISTRIBUTION, ETC. (IMPRINT)
Place of publication Delhi:
Name of publisher CBS Publishers,
Year of publication 1987.
300 ## - PHYSICAL DESCRIPTION
Number of Pages 907p. ;
650 ## - SUBJECT ADDED ENTRY--TOPICAL TERM
Topical Term Fluid Mechanics
942 ## - ADDED ENTRY ELEMENTS (KOHA)
Koha item type Books
Holdings
Withdrawn status Lost status Home library Current library Date acquired Cost, normal purchase price Full call number Accession Number Koha item type
    Central Library, QUEST, Nawabshah Central Library, QUEST, Nawabshah 25/09/2014 190.00 627RAG 15020 Books

Copyright © 2018,The QUEST, Nawabshah, Shaheed Benazirabad. All rights reserved
Mr. G. Farooq Channar (Librarian) QUEST, Nawabshah, Sindh, Pakistan 67480.
 Ph#: |   0244-9370381-4 Ext. 2308   Email| lib@quest.edu.pk   Web|  http://www.quest.edu.pk